000 00587nam a2200217Ia 4500
003 0100
008 130307s9999 xx 000 0 und d
020 _a9064432112
040 _cARRUPELIB
050 _aLC5148.Z332M894 1981
100 _aHoppers, Wim H. M. L
245 _aEducation in a rural society
245 _bprimary pupils and school leavers in Mwinilunga, Zambia
260 _aTha Hague
260 _bCentre for the study of Education in Developing Countries, (CESO)
260 _c1981
300 _a186p.
300 _b24cm
650 _bHoly spirit
942 0 0 _03
999 _c98487
_d98487